| 000 | 00337nam a2200121Ia 4500 | ||
|---|---|---|---|
| 008 | 230907s9999||||xx |||||||||||||| ||und|| | ||
| 082 |
_a306 _bAPP |
||
| 100 |
_aAppadurai, Arjun, _9115923 |
||
| 245 | 0 | _aModernity at large : | |
| 260 |
_aUniversity of Minnesota Press, _bMinneapolis, Minn. : _c1996 |
||
| 300 | _axi, 229 p. ; | ||
| 942 | _cBK | ||
| 999 |
_c600155 _d600155 |
||